| 000 | 00380nam a2200097Ia 4500 | ||
|---|---|---|---|
| 082 | _a646.7008352 GATE | ||
| 245 | 0 | _aLife talk for a daughter : advice on 70 issues from love and success to peer pressure, binge drinking and tough choices | |
| 100 |
_a Little-Gates, Izabella Wandsbeck, South Africa, 2012 _932904 |
||
| 942 | _cBK | ||
| 008 | 210817s9999 xx 000 0 und d | ||
| 999 |
_c120562 _d120561 |
||